000 005900000a22001810004500
003 MACL
005 20160409151157.0
008 160409b xxu||||| |||| 00| 0 eng d
040 _aMACL
_cMACL
041 _aHindi
082 _a600
100 _aप्रसाद लक्ष्‍मण
_951394
245 _aभारत में विज्ञान और भारतीय वैज्ञानिक
260 _bकल्‍याणी शिक्षा
_c2007
_aनई दिल्‍ली
350 _a250
650 _aTechnology
_951395
942 _cHIN
_k500
_2ddc
999 _c11250
_d11250